[Event "1st Fischer Memorial 2017"]
[Site "Heraklion"]
[Date "2017.04.24"]
[Round "9"]
[White "Gungl, Theo"]
[Black "Theodorou, Nikolas"]
[Result "0-1"]
[WhiteElo "2269"]
[BlackElo "2487"]
[Annotator "TA RC"]
[PlyCount "148"]
[EventDate "2017.??.??"]
[EventType "tourn"]
[EventCountry "GRE"]
[SourceTitle "playchess.com"]
[Source "ChessBase"]
[SourceQuality "1"]

{[%evp 13,148,28,56,54,77,29,37,13,31,-4,1,-4,0,-35,-10,-52,-62,-61,-35,-63,-55,-65,-27,-26,-44,-72,-74,-70,-34,-70,41,0,0,0,0,0,0,-10,14,14,33,0,0,0,0,-25,0,-9,10,0,28,0,107,15,14,0,41,0,0,0,0,-61,-45,-60,-69,-115,-109,-77,-2,-143,-160,-111,-85,-100,-97,-97,-97,-104,-100,-99,-99,-99,-97,-99,-104,-104,-97,-103,-100,-98,-98,-125,-132,-130,-85,-85,-79,-87,-24,-24,-25,-40,-29,-58,-61,-70,-83,-86,-85,-103,-68,-76,-67,-70,-67,-81,-72,-158,-14,-80,-27,-119,-8,-8,-8,-89,-8,-8,-8,-8,-8,-29976,-29977,-29977,-29978,-29977,-29979]} 1. e4 c5 2. Nf3 e6 3. d4 cxd4 4. Nxd4 Nc6 5. Nc3 Qc7 6. g3 a6 7. Bg2 Nge7 8. Nb3 {B47: Sicilian: Taimanov: 5 Nc3 Qc7 6 f4, 6 g3 and 6 Be2} Ne5 9. O-O h5 10. h3 {White is slightly better.} b5 11. a3 $146 (11. Nd4 Rb8 12. Kh1 d6 13. a3 N7c6 14. Nxc6 Qxc6 15. f4 Nc4 {0-1 (37) Antal,G (2541)-Vovk,A (2641) Hungary 2017}) 11... Bb7 12. Qe2 Rc8 13. Kh1 g6 14. Bg5 Bg7 15. Nd2 Nc4 16. Nxc4 Qxc4 17. Rfe1 f6 18. Bf4 f5 19. exf5 {[#]} Bxg2+ $1 20. Kxg2 {[%cal Rf5e6]} Nxf5 21. Rad1 Rf8 ({Better is} 21... Qxe2 $15 22. Rxe2 Bxc3 23. bxc3 Rc4) 22. Be5 (22. Ne4 $5 {is more complex.} Qxe2 23. Rxe2 Bxb2 24. Bd6 Nxd6 25. Nxd6+ Ke7 26. Nxc8+ Rxc8 27. Red2) 22... Qxe2 $1 23. Rxe2 Bxe5 24. Rxe5 Rc4 25. Re2 Rc6 26. Ne4 Ke7 27. c3 Nd6 28. Ng5 Nc4 29. h4 a5 30. Nh3 Kd8 31. Nf4 e5 32. Nh3 Kc7 {[#]} (32... a4 $11) 33. Rd5 (33. b3 $1 $16 {[%cal Rb3c4]} Nd6 34. Rxe5) 33... Rb8 $11 34. f4 d6 35. fxe5 dxe5 ({Much worse is} 35... Nxe5 $6 36. Nf4 $16) 36. Nf2 Rd6 37. Rxd6 (37. Rc5+ $11 Rc6 38. Rd5) 37... Kxd6 {[%mdl 4096] Endgame KRN-KRN} 38. Ne4+ Kd5 39. Nf6+ Ke6 40. Ne4 Rf8 (40... a4 $17) 41. Nf2 (41. b3 $11 Nd6 42. Nc5+ Kd5 43. Nd7) 41... Rd8 42. Ne4 Rd1 43. b3 Nxa3 44. Ra2 b4 45. cxb4 axb4 46. Nc5+ Kd6 47. Na6 Rd3 48. Nxb4 Rxb3 49. Rd2+ Ke6 50. Nd3 Rc3 51. Nf2 Nc4 52. Ra2 Ne3+ 53. Kh3 Rc1 54. Re2 Nc4 55. Kg2 Kd5 (55... Kf5 $17 56. Ne4 Rd1) 56. g4 $1 hxg4 57. Nxg4 Kd4 {White must now prevent ...Rd1.} 58. Nf2 Rc3 59. Re4+ Kd5 60. Re2 Ne3+ 61. Kh2 e4 {...Ke5 is the strong threat.} 62. Ra2 Nc4 {And now ...e3 would win.} 63. Kg2 e3 64. Nh3 Ke4 {Hoping for ...Ra3.} 65. Ng1 (65. Ra7 $142) 65... Rd3 (65... Ra3 $17 66. Rc2 Kd3) 66. Ra6 (66. Ra4 $11 Rd2+ 67. Kg3) 66... Ne5 (66... Rd2+ $17 67. Kg3 Nd6) 67. Ra4+ (67. Kg3 $11) 67... Kf5 ({Black should play} 67... Rd4 $17 68. Ra1 Nc4) 68. Nf3 e2 69. Nxe5 {KRN-KR} (69. Ne1 $1 $11 {remains equal.}) 69... Re3 (69... e1=Q $17 {( -> ...Rg3+)} 70. Nxd3 Qd2+ 71. Nf2 Qd5+ 72. Re4 Qd2) 70. Nd3 Rxd3 71. Kf2 {[#]} Re3 $1 {[%mdl 512]} 72. Ra1 $2 {[%mdl 8192] [#]} (72. Ke1 $11) (72. Kxe3 e1=Q+) 72... e1=Q+ $1 {[%mdl 512] Black mates.} 73. Rxe1 Rxe1 74. Kxe1 Kg4 0-1

[Event "1st Fischer Memorial 2017"]
[Site "Heraklion"]
[Date "2017.04.24"]
[Round "9"]
[White "Mitsis, Georgios"]
[Black "Kourkoulos-Arditis, Stamatis"]
[Result "1-0"]
[WhiteElo "2239"]
[BlackElo "2365"]
[Annotator "TA"]
[PlyCount "115"]
[EventDate "2017.??.??"]
[EventType "tourn"]
[EventCountry "GRE"]
[SourceTitle "playchess.com"]
[Source "ChessBase"]
[SourceQuality "1"]

{[%evp 20,115,50,13,31,28,48,37,52,42,26,24,52,-39,0,0,0,0,10,0,0,0,0,0,15,35,1,-69,-66,-64,-60,-82,-110,-112,0,-403,-391,-369,-89,-86,0,-2,0,0,-15,-16,35,0,0,0,0,0,17,10,229,233,193,91,30,34,482,479,539,551,532,505,650,636,643,624,635,626,634,527,597,587,791,770,921,902,866,873,1051,966,937,841,726,792,993,898,1212,1228,1397,1347,1266,1078,1417,1395]} 1. d4 Nf6 2. Nf3 e6 3. c4 c5 4. d5 exd5 5. cxd5 d6 6. Nc3 g6 7. e4 Bg7 8. Be2 O-O 9. Nd2 Re8 10. O-O Nbd7 11. f3 {LiveBook: 6 Games} Ne5 {A77: Modern Benoni: Classical: 9...Re8 10 Nd2: 10...a6 and 10...Nbd7} 12. a4 Bd7 (12... a6 13. Nc4 Nh5 14. Be3 Nxc4 15. Bxc4 f5 16. Qd2 Be5 17. f4 Bxc3 18. bxc3 Rxe4 19. Bd3 Re8 20. c4 Bd7 {0-1 (45) Koneru,H (2600)-Cmilyte,V (2525) Moscow 2011}) 13. Ra3 $146 (13. Nc4 Nxc4 14. Bxc4 Nh5 15. g4 Bd4+ 16. Kh1 Ng7 17. Bf4 Qe7 18. Qd2 h5 19. g5 h4 {1-0 (42) Barberi,A (2220)-Sosnik,S (2255) Vienna 1996}) 13... Rc8 {White is slightly better.} 14. Nc4 Nxc4 15. Bxc4 Nh5 16. Ne2 (16. g4 $1 $14 Bd4+ 17. Kh1) 16... f5 17. exf5 gxf5 (17... Bxf5 $2 18. g4 $16) 18. Qc2 Qh4 19. f4 Qe7 20. Ng3 Bd4+ 21. Kh1 Ng7 22. Ne2 a6 23. a5 (23. Nxd4 cxd4 24. Qd3 b5 $1 $17 {[%mdl 512]}) (23. Bd3 $11) 23... Bb5 $1 $15 {[%cal Rb5c4]} 24. Bxb5 (24. Nxd4 $2 cxd4 25. b3 Qe4 $17) 24... axb5 25. Nxd4 cxd4 26. Qd2 Rc4 (26... Qe2 $17 {[%cal Re2f1]} 27. Rg1 Qc4) 27. Rd3 $2 {[%mdl 8192]} (27. b3 $11 {and White stays safe.} Rc5 28. Qxd4) 27... Rec8 $1 $19 28. Re1 (28. Rxd4 Rc2 29. Qe3 Rxc1 $1 {[%mdl 512]} 30. Rxc1 Qxe3 $19) 28... Qf6 $2 (28... Qc7 $19 {[%cal Rc4c1]} 29. Rxd4 Rxc1) 29. Rd1 $17 {[#]} Nh5 (29... Qh4 $1 $17 {And now ...Rc2 would win.} 30. Rxd4 Rc2) 30. Qe1 $11 Kf8 31. Bd2 Re8 32. Qf1 $1 Qh6 ({Black should play} 32... Re4 $11) 33. Rh3 {Black must now prevent Qf3.} Qg6 34. b3 Rc2 35. Rf3 Qg4 36. Qd3 ({Don't go for} 36. Bb4 $2 Ree2 37. h3 (37. Re1 $2 Rxg2 38. Bxd6+ Kg7 $19) 37... Qg6 $19) 36... Nxf4 $2 (36... Ra2 $11 {and Black has nothing to worry.}) 37. Qf1 $18 Ng6 {[#]} 38. Rxf5+ (38. h3 $1 $18 {[%cal Rh3g4] is more deadly.} Qh4 39. Qxb5 (39. Rxf5+ Kg8 40. Qxb5 Re7 $16)) 38... Kg8 $16 {Strongly threatening ...Rxd2!} 39. h3 $36 {[%mdl 2048] White fights for an advantage.} Qe4 $2 {[%mdl 8192]} (39... Qe2 $1 $14 40. Qxe2 Rxe2) 40. Re1 $18 {White is clearly winning.} Qxe1 41. Bxe1 Rc1 42. Qxb5 Rcxe1+ 43. Kh2 R8e7 44. Qd3 R7e4 45. b4 R1e3 46. Qd1 Re1 47. Qc2 R1e2 48. Qc8+ Kg7 49. Qxb7+ Re7 50. Qb6 Rxg2+ 51. Kxg2 Nh4+ 52. Kf2 Nxf5 {[%mdl 4096] Endgame KQ-KRN} 53. Qb5 Re3 54. Qd7+ Kg6 55. a6 {[%cal Ba5a6,Ba6a7][%mdl 32]} Ra3 56. a7 Ra2+ 57. Ke1 d3 58. Qe8+ 1-0